00920naa a2200181 i 450000100060000000300090000600500170001500800410003204000290007308000070010210000870010924501160019665500300031270001320034277302340047494200130070899900170072110511KOSZ 00520180425144312.0180425s1996 pl ||||f |||| 10| 0 pol d cKOSZ 005/ARaKOSZ 005/AR a371 aSUGIER, Edward.bPolitechnika Koszalińska - Instytut Zarządzania i Marketingu.10aZarys posługi duszpasterskiej w polskich siłach zbrojnych do 1918 r. / cEdwar Sugier, Wiesław Wiśniewski. 0aMateriały konferencyjne. aWIŚNIEWSKI, Edward.bPolitechnika Koszalińska - Instytut Zarządzania i Marketingu,cKatedra Teorii Ekonomiid1996 - 2006.0 iW : tProblemy rozwoju społeczno-gospodarczego w procesie restrukturyzacji Pomorza Środkowego / red. nauk. Michał Jasiulewicz, Bogusław Polak. -dKoszalin : Wydaw. Uczelniane Politechniki Koszalińskiej, 1996. -gs. 363-369 cROZ2UKD c10511d10511